Grand Theft Auto V - Story Quiz - Statistics

General Stats
  • This quiz has been taken 320 times
  • The average score is 8 of 15
Answer Stats
Question Answer % Correct
What is the name of Michael's son? Jimmy De Santa
86%
What town does the Prelude take place in? North Yankton
82%
What is the name of Michael's daughter? Tracy De Santa
82%
What is the main city in the game? Los Santos
73%
Who is the main antagonist that is pushed off a cliff at the end of the game? Devin Weston
67%
What is the secondary town that Trevor lives in? Sandy Shores
60%
Who was the third member of the original gang from the Prelude? Brad
59%
Who is Chop's real owner? Lamar Davis
59%
Who is Michaels friend in the FIB? Dave Norton
55%
Which protaganist drives the GTA version of the Dodge Charger? Franklin Clinton
54%
Who forces Michael, Franklin and Trevor to do undercover missions for the FIB? Steve Haines
50%
What is the title of the movie that Michael produces? Meltdown
43%
Who is the movie director that Michael works for? Soloman Richards
24%
Who was Franklin's boss? Simeon Yaterian
10%
What is the name of Trevors assistant? Nervous Ron
4%
No matching quizzes found
Score Distribution
Percent of People with Each Score
Percentile by Number Answered
Your Score History
You have not taken this quiz